|
|
|
|
| LEADER |
01084nam a2200241 a 4500 |
| 003 |
GR-PaULI |
| 005 |
20200227105424.0 |
| 008 |
051206s2005 xxufe f|b |||0| |eng|d |
| 952 |
|
|
|0 0
|1 0
|2 ddc
|4 0
|6 518_028000000000000_5_PAL
|7 0
|9 239659
|a LISA
|b LISA
|c BSC
|d 2020-02-27
|i 1733
|l 0
|o 518.028 5 PAL
|p 025000267880
|r 2020-02-27 00:00:00
|t 1
|w 2020-02-27
|y BK15
|
| 999 |
|
|
|c 144726
|d 144726
|
| 020 |
|
|
|a 0071232621
|
| 040 |
|
|
|a GR-PaULI
|b gre
|c GR-PaULI
|d GR-AiPI
|e AACR2
|
| 082 |
0 |
4 |
|a 518.028 5
|2 23
|
| 100 |
1 |
|
|a Palm, William J.
|e συγγραφέας.
|
| 245 |
1 |
0 |
|a Introduction to MATLAB 7 for Engineers /
|c William J. Palm III.
|
| 260 |
|
|
|a Boston [et al.] :
|b McGraw-Hill,
|c c2005.
|
| 300 |
|
|
|a xiii, 682 σ. ;
|b πίν., σχήμ. ;
|c 23 εκ.
|
| 504 |
|
|
|6 Περιλαμβάνει βιβλιογραφικές αναφορές 675 σ. και ευρετήριο.
|
| 630 |
|
4 |
|9 180304
|a MATLAB
|
| 650 |
|
4 |
|9 388
|a Αριθμητική ανάλυση
|
| 650 |
|
4 |
|9 137494
|a Μηχανοτεχνικά μαθηματικά
|x Πληροφορική
|
| 942 |
|
|
|2 ddc
|c BK15
|
| 998 |
|
|
|c ΜΙΧΟΣΤΑΥΡΟΥ
|d 2020-02
|